MLS Teams - Statistics

General Stats
  • This quiz has been taken 17 times
  • The average score is 20 of 29
Answer Stats
Answer % Correct
New York Red Bulls
100%
LA Galaxy
93%
Los Angeles FC
93%
Inter Miami CF
86%
Atlanta United FC
79%
Chicago Fire
79%
Houston Dynamo
79%
Portland Timbers
79%
Seattle Sounders
79%
Orlando City SC
71%
Real Salt Lake
71%
Toronto FC
71%
Vancouver Whitecaps
71%
CF Montréal
64%
Columbus Crew
64%
FC Dallas
64%
Nashville SC
64%
New England Revolution
64%
Austin FC
57%
Colorado Rapids
57%
D.C. United
57%
FC Cincinnati
57%
Minnesota United FC
57%
Philadelphia Union
57%
Charlotte FC
50%
San Jose Earthquakes
50%
Sporting Kansas City
50%
New York City FC
43%
St. Louis City SC
43%
No matching quizzes found
Score Distribution
Percent of People with Each Score
Percentile by Number Answered
Your Score History
You have not taken this quiz